000 01120nam a2200229Ia 4500
999 _c36303
_d36303
001 2210
003 GE_BSU
005 20230210172701.0
008 181216s2002||||ge |||||||||||||| ||geo||
020 _a9992843446
040 _cGE_BSU
041 _ageo
080 _a94(479.22) ქ–27
245 _bტ.1 /
_aქართლის ცხოვრება = Картлис цховреба (История Грузии) :
_cტექსტი დადგენილი ყველა ძირითადი ხელნაწერის მიხედვით ს.ყაუხჩიშვილის მიერ.
264 _aთბილისი :
_bსახელგამი,
_c2002.
300 _a463 გვ.;
_b25 სმ.
653 _aსაქართველოს ისტორია
653 _aსაქართველოს ისტორიის წყაროები
653 _aქართული წყაროთმცოდნეობა
700 _aყაუხჩიშვილი, სიმონ
_d
_eრედაქტორი
_91490
942 _cBK
_2udc